Proceeding of the ASEAN Seminar on Sustainable Tropical Forest Management : Progress towards achievement of the ITTO year 2000 objective, 21-23 October 1996, Balikpapan, Indonesia

Bibliographic Details
Corporate Authors: ASEAN Seminar on Sustainable Tropical Forest Management, ASEAN Institute of Forest Management (AIFM), Ministry of Forestry, Republic of Indonesia
Format: Book
Published: Indonesia; Kuala Lumpur : Ministry of Forestry, Republic of Indonesia; ASEAN Institute of Forest Management , (1996)
Subjects:

MARC

LEADER 00000cam a2200000 7i4500
001 0000001394
005 20010726.0
090 0 0 |a 634.92   |b ASE (1996) 
110 1 0 |a ASEAN Seminar on Sustainable Tropical Forest Management   |k 1996   |j Indonesia 
245 1 0 |a Proceeding of the ASEAN Seminar on Sustainable Tropical Forest Management :   |b Progress towards achievement of the ITTO year 2000 objective, 21-23 October 1996, Balikpapan, Indonesia 
260 0 0 |a Indonesia; Kuala Lumpur :   |b Ministry of Forestry, Republic of Indonesia; ASEAN Institute of Forest Management ,   |c (1996) 
300 |a 412 p. :   |b ill. ;   |c 30 cm. 
500 0 0 |a Includes bibliographical references 
650 0 0 |a Forest management   |x Congresses 
710 1 1 |a ASEAN Institute of Forest Management (AIFM) 
710 1 1 |a Ministry of Forestry, Republic of Indonesia 
998 |a JPSM 
999 |a 0000002422   |b Monograph   |c Open Shelf   |e Default branch 
999 |a 0000003925   |b Monograph   |c Open Shelf   |e Default branch